[Event "Ruhrgebiet Verbandsliga Gruppe 1 1819"]
[Site "Nordrheinwestfalen"]
[Date "2019.05.05"]
[Round "9.2"]
[White "Kordonowski, Frank"]
[Black "Haberhausen, Ansgar"]
[Result "1/2-1/2"]
[WhiteElo "1959"]
[BlackElo "1993"]
[PlyCount "72"]
[EventDate "2018.09.23"]
[EventType "team-tourn"]
[EventRounds "9"]
[EventCountry "GER"]
[SourceTitle "EXT 2022"]
[Source "ChessBase"]
[SourceDate "2021.10.06"]
[SourceVersion "1"]
[SourceVersionDate "2021.10.06"]
[SourceQuality "1"]
[WhiteTeam "Altenessen"]
[BlackTeam "Sodingen/Castrop SK II"]
[WhiteTeamCountry "GER"]
[BlackTeamCountry "GER"]

1. Nf3 d5 2. d4 Nf6 3. e3 c6 4. Be2 Bf5 5. Nbd2 e6 6. Nf1 Nbd7 7. Ng3 Bg6 8. 0-0 Bd6 9. c4 0-0 10. c5 Bxg3 11. hxg3 b6 12. b4 Qc7 13. Bb2 bxc5 14. bxc5 Rab8 15. Bc3 Ne4 16. Be1 Rb2 17. Bd3 Rfb8 18. Nh4 Ndf6 19. Nxg6 hxg6 20. Qa4 Nd2 21. Bxd2 Rxd2 22. Rad1 Rbb2 23. Rxd2 Rxd2 24. Qa6 e5 25. dxe5 Nd7 26. e6 fxe6 27. Bxg6 Nxc5 28. Qa3 Ne4 29. Bxe4 dxe4 30. Qb4 Qd7 31. Qxe4 Rxa2 32. Rb1 Ra5 33. Rb8+ Kf7 34. Rb1 Rd5 35. Qf4+ Rf5 36. Qh4 Rb5 1/2-1/2

[Event "Ruhrgebiet Verbandsliga Gruppe 1 1819"]
[Site "Nordrheinwestfalen"]
[Date "2019.03.24"]
[Round "8.2"]
[White "Haberhausen, Ansgar"]
[Black "Walbaum, Klaus"]
[Result "1/2-1/2"]
[WhiteElo "2002"]
[BlackElo "2089"]
[PlyCount "101"]
[EventDate "2018.09.23"]
[EventType "team-tourn"]
[EventRounds "9"]
[EventCountry "GER"]
[SourceTitle "EXT 2022"]
[Source "ChessBase"]
[SourceDate "2021.10.06"]
[SourceVersion "1"]
[SourceVersionDate "2021.10.06"]
[SourceQuality "1"]
[WhiteTeam "Sodingen/Castrop SK II"]
[BlackTeam "Holsterhausen SK"]
[WhiteTeamCountry "GER"]
[BlackTeamCountry "GER"]

1. d4 Nf6 2. Nf3 c5 3. c3 d5 4. dxc5 a5 5. Bf4 Nc6 6. e3 e6 7. Bb5 Bxc5 8. Nbd2 0-0 9. 0-0 h6 10. Qe2 Nh5 11. Ne5 Nxf4 12. exf4 Qc7 13. Rad1 Bd6 14. Rfe1 Rd8 15. g3 Bd7 16. Bd3 Rab8 17. Ndf3 Re8 18. Bb1 f5 19. Qd3 b5 20. g4 Bxe5 21. Nxe5 Nxe5 22. Rxe5 g6 23. Qh3 Kh7 24. Rd3 Rg8 25. gxf5 gxf5+ 26. Rg3 Rxg3+ 27. hxg3 Rg8 28. Qh5 b4 29. Re3 d4 30. Rd3 Be8 31. Qd1 bxc3 32. bxc3 dxc3 33. Qb3 Qxf4 34. Rxc3 Qd4 35. Rc7+ Kh8 36. Kg2 Qf6 37. Qe3 Rg7 38. Rc8 Re7 39. Bd3 Kg7 40. Qc5 a4 41. Bb5 Bxb5 42. Qxb5 Qd4 43. Rc4 Qd6 44. Rxa4 Qc7 45. Qb2+ Kf7 46. Rh4 Qc6+ 47. Kh2 Rb7 48. Qh8 Rb1 49. Qh7+ Ke8 50. Qh8+ Ke7 51. Qg7+ 1/2-1/2

[Event "Ruhrgebiet Verbandsliga Gruppe 1 1819"]
[Site "Nordrheinwestfalen"]
[Date "2018.11.04"]
[Round "3.2"]
[White "Haberhausen, Ansgar"]
[Black "Mohrholz, Uwe"]
[Result "1/2-1/2"]
[WhiteElo "2002"]
[BlackElo "1977"]
[PlyCount "75"]
[EventDate "2018.09.23"]
[EventType "team-tourn"]
[EventRounds "9"]
[EventCountry "GER"]
[SourceTitle "EXT 2022"]
[Source "ChessBase"]
[SourceDate "2021.10.06"]
[SourceVersion "1"]
[SourceVersionDate "2021.10.06"]
[SourceQuality "1"]
[WhiteTeam "Sodingen/Castrop SK II"]
[BlackTeam "Bottrop SV"]
[WhiteTeamCountry "GER"]
[BlackTeamCountry "GER"]

1. b3 d5 2. Bb2 Nc6 3. e3 Nf6 4. Bb5 a6 5. Bxc6+ bxc6 6. f4 Bg4 7. Nf3 e6 8. 0-0 Bd6 9. d3 Qe7 10. Nbd2 Ba3 11. Qc1 Bxb2 12. Qxb2 Bxf3 13. Rxf3 0-0 14. Raf1 Nd7 15. d4 f5 16. c4 Rfb8 17. Rc1 Rb6 18. Rf2 a5 19. Nf3 a4 20. cxd5 exd5 21. Ne5 Nxe5 22. fxe5 axb3 23. axb3 g6 24. Rfc2 Qb4 25. h3 Ra3 26. Rc3 Rxb3 27. Rxb3 Qxb3 28. Qxb3 Rxb3 29. Rxc6 Rxe3 30. Rxc7 Re4 31. e6 Rxe6 32. Rd7 Re2 33. Rxd5 Kf7 34. Rd7+ Re7 35. Rd8 Re2 36. d5 Rd2 37. Rd7+ Kf6 38. Rxh7 1/2-1/2

[Event "Ruhrgebiet Verbandsliga Gruppe 1 1819"]
[Site "Nordrheinwestfalen"]
[Date "2018.09.23"]
[Round "1.2"]
[White "Haberhausen, Ansgar"]
[Black "Jungbluth, Rolf"]
[Result "1/2-1/2"]
[WhiteElo "2002"]
[BlackElo "1954"]
[PlyCount "81"]
[EventDate "2018.09.23"]
[EventType "team-tourn"]
[EventRounds "9"]
[EventCountry "GER"]
[SourceTitle "EXT 2022"]
[Source "ChessBase"]
[SourceDate "2021.10.06"]
[SourceVersion "1"]
[SourceVersionDate "2021.10.06"]
[SourceQuality "1"]
[WhiteTeam "Sodingen/Castrop SK II"]
[BlackTeam "Erkenschwick II"]
[WhiteTeamCountry "GER"]
[BlackTeamCountry "GER"]

1. d4 d5 2. Nf3 Nf6 3. c4 e6 4. Nc3 Be7 5. Bg5 0-0 6. e3 c6 7. Bd3 Nbd7 8. 0-0 Re8 9. Rc1 Nf8 10. Ne5 N6d7 11. Bf4 Nxe5 12. Bxe5 Bd6 13. Bxd6 Qxd6 14. f4 Kh8 15. Qh5 Qe7 16. e4 g6 17. Qh6 dxc4 18. Bxc4 Qb4 19. b3 b5 20. f5 f6 21. fxg6 Qe7 22. Be2 Nxg6 23. Bh5 Rg8 24. Ne2 Bd7 25. Qe3 Raf8 26. g3 Be8 27. Qc3 Qg7 28. Qc5 Qh6 29. Rc3 Qd2 30. e5 fxe5 31. Bxg6 Rxf1+ 32. Kxf1 hxg6 33. Qxe5+ Kh7 34. Rf3 Rg7 35. Nf4 Bd7 36. Nh3 g5 37. Rf2 Qd1+ 38. Kg2 Qh5 39. Nf4 Qe8 40. Qe4+ Kg8 41. Nd3 1/2-1/2

[Event "Ruhrgebiet Verbandsliga Gruppe 1 1718"]
[Site "Germany"]
[Date "2018.04.29"]
[Round "9.2"]
[White "Haberhausen, Ansgar"]
[Black "Ter Steeg, Marcus"]
[Result "0-1"]
[WhiteElo "2149"]
[BlackElo "2066"]
[PlyCount "140"]
[EventDate "2017.09.17"]
[EventType "team-tourn"]
[EventRounds "9"]
[EventCountry "GER"]
[SourceTitle "EXT 2022"]
[Source "ChessBase"]
[SourceDate "2021.10.06"]
[SourceVersion "1"]
[SourceVersionDate "2021.10.06"]
[SourceQuality "1"]
[WhiteTeam "Sodingen/Castrop SK II"]
[BlackTeam "Essen Werden"]
[WhiteTeamCountry "GER"]
[BlackTeamCountry "GER"]

1. d4 d5 2. Nf3 Nf6 3. Bf4 e6 4. e3 Bd6 5. Bxd6 Qxd6 6. Nbd2 b6 7. Bd3 Bb7 8. 0-0 Nbd7 9. c4 0-0 10. Rc1 c5 11. Qe2 Rfe8 12. cxd5 Nxd5 13. Ne4 Qe7 14. dxc5 Nxc5 15. Nxc5 bxc5 16. Ba6 Rec8 17. Rfd1 Rab8 18. b3 Qc7 19. Bxb7 Rxb7 20. g3 a5 21. Rc4 Nb6 22. Rh4 h6 23. Rc1 Ra7 24. Nd4 Qd8 25. Nb5 Rd7 26. Qf3 Rd2 27. Rf4 f6 28. Rg4 Kh8 29. Nc3 c4 30. bxc4 Nxc4 31. Qb7 Rd7 32. Qa6 Ne5 33. Ra4 Nd3 34. Rb1 Rxc3 35. Rxa5 Rd6 36. Qa7 Rc1+ 37. Rxc1 Nxc1 38. Rb5 Rd1+ 39. Kg2 Qd3 40. Rb8+ Kh7 41. Qf7 Qf1+ 42. Kf3 Qe2+ 43. Kg2 Qf1+ 44. Kf3 Qh1+ 45. Kg4 Qe4+ 46. Kh3 Qf5+ 47. Kg2 Qd5+ 48. Kh3 e5 49. Qf8 Nd3 50. Qh8+ Kg6 51. f4 Nf2+ 52. Kh4 exf4 53. Qe8+ Qf7 54. Qxf7+ Kxf7 55. exf4 g5+ 56. fxg5 hxg5+ 57. Kh5 Ne4 58. Rb7+ Ke6 59. Rb6+ Nd6 60. h4 gxh4 61. gxh4 Ra1 62. Rb2 f5 63. Re2+ Kf6 64. Rb2 f4 65. Kg4 Ke5 66. h5 Rg1+ 67. Kh3 Rg3+ 68. Kh2 Rg5 69. a4 Rxh5+ 70. Kg2 Rg5+ 0-1

[Event "Ruhrgebiet Verbandsliga Gruppe 1 1718"]
[Site "Germany"]
[Date "2018.02.18"]
[Round "7.2"]
[White "Haberhausen, Ansgar"]
[Black "Schuette, Tobias"]
[Result "0-1"]
[WhiteElo "2023"]
[BlackElo "2001"]
[PlyCount "58"]
[EventDate "2017.09.17"]
[EventType "team-tourn"]
[EventRounds "9"]
[EventCountry "GER"]
[SourceTitle "EXT 2022"]
[Source "ChessBase"]
[SourceDate "2021.10.06"]
[SourceVersion "1"]
[SourceVersionDate "2021.10.06"]
[SourceQuality "1"]
[WhiteTeam "Sodingen/Castrop SK II"]
[BlackTeam "Eichlinghofen SV"]
[WhiteTeamCountry "GER"]
[BlackTeamCountry "GER"]

1. d4 Nf6 2. Nf3 c5 3. c3 b6 4. Bf4 Bb7 5. e3 e6 6. Bd3 Be7 7. 0-0 Nh5 8. Bg3 Nxg3 9. hxg3 d5 10. Ne5 0-0 11. Nd2 f5 12. g4 Nd7 13. f4 Nxe5 14. dxe5 c4 15. Bc2 Bc5 16. Re1 Qh4 17. gxf5 Qxf4 18. Nf3 Bxe3+ 19. Kf1 exf5 20. Qe2 Bc5 21. Rad1 Qh6 22. Nd4 Qh1+ 23. Kf2 Qh4+ 24. Kf1 Rae8 25. Qf3 f4 26. e6 Bxd4 27. Rxd4 Rf6 28. e7 Rf7 29. Re5 Rfxe7 0-1

[Event "Ruhrgebiet Verbandsliga Gruppe 1 1718"]
[Site "Germany"]
[Date "2018.02.04"]
[Round "6.2"]
[White "Reinoehl, Christian"]
[Black "Haberhausen, Ansgar"]
[Result "1-0"]
[WhiteElo "2083"]
[BlackElo "2023"]
[PlyCount "67"]
[EventDate "2017.09.17"]
[EventType "team-tourn"]
[EventRounds "9"]
[EventCountry "GER"]
[SourceTitle "EXT 2022"]
[Source "ChessBase"]
[SourceDate "2021.10.06"]
[SourceVersion "1"]
[SourceVersionDate "2021.10.06"]
[SourceQuality "1"]
[WhiteTeam "Annen Sport Union"]
[BlackTeam "Sodingen/Castrop SK II"]
[WhiteTeamCountry "GER"]
[BlackTeamCountry "GER"]

1. e4 c6 2. d4 d5 3. Nd2 dxe4 4. Nxe4 Nd7 5. Bc4 Ngf6 6. Ng5 e6 7. Qe2 Nb6 8. Bd3 h6 9. N5f3 Bd6 10. Ne5 Nbd5 11. a3 Bd7 12. Ngf3 Rc8 13. Bd2 Ne7 14. g4 Qc7 15. g5 hxg5 16. Nxg5 Bxe5 17. dxe5 Nfd5 18. c4 Nb6 19. Ne4 Kf8 20. Nd6 Rd8 21. Qf3 Nf5 22. c5 Nd5 23. Rg1 b6 24. Qg4 g6 25. Nxf7 Be8 26. Nxd8 Qxd8 27. 0-0-0 Rxh2 28. Rh1 Rxh1 29. Rxh1 Nde7 30. Bc4 Qc7 31. Rh8+ Kf7 32. Bf4 Qd7 33. Bg5 bxc5 34. Bxe7 1-0

[Event "Ruhrgebiet Verbandsliga Gruppe 1 1718"]
[Site "Germany"]
[Date "2018.01.14"]
[Round "5.2"]
[White "Haberhausen, Ansgar"]
[Black "Stratmann, Holger"]
[Result "1/2-1/2"]
[WhiteElo "2149"]
[BlackElo "1966"]
[PlyCount "40"]
[EventDate "2017.09.17"]
[EventType "team-tourn"]
[EventRounds "9"]
[EventCountry "GER"]
[SourceTitle "EXT 2022"]
[Source "ChessBase"]
[SourceDate "2021.10.06"]
[SourceVersion "1"]
[SourceVersionDate "2021.10.06"]
[SourceQuality "1"]
[WhiteTeam "Sodingen/Castrop SK II"]
[BlackTeam "Essen Katernberg III"]
[WhiteTeamCountry "GER"]
[BlackTeamCountry "GER"]

1. d4 f5 2. Nc3 Nf6 3. Bg5 d5 4. Nf3 e6 5. Ne5 Bd6 6. e3 a6 7. Be2 0-0 8. f4 Be7 9. 0-0 Nbd7 10. a3 Nxe5 11. fxe5 Ne4 12. Nxe4 Bxg5 13. Nxg5 Qxg5 14. Rf3 Bd7 15. c4 Bc6 16. Rg3 Qe7 17. Bf3 Qd7 18. Rc1 dxc4 19. Rxc4 Bxf3 20. Rxf3 c6 1/2-1/2

[Event "Ruhrgebiet Verbandsliga Gruppe 2 1617"]
[Site "Germany"]
[Date "2016.12.18"]
[Round "5.2"]
[White "Haberhausen, Ansgar"]
[Black "Ter Steeg, Marcus"]
[Result "0-1"]
[WhiteElo "2048"]
[BlackElo "2074"]
[PlyCount "54"]
[EventDate "2016.09.04"]
[EventType "team-tourn"]
[EventRounds "9"]
[EventCountry "GER"]
[SourceTitle "EXT 2022"]
[Source "ChessBase"]
[SourceDate "2021.10.06"]
[SourceVersion "1"]
[SourceVersionDate "2021.10.06"]
[SourceQuality "1"]
[WhiteTeam "Sodingen/Castrop SK II"]
[BlackTeam "Essen Werden"]
[WhiteTeamCountry "GER"]
[BlackTeamCountry "GER"]

1. d4 d5 2. Nf3 Nf6 3. Bf4 c5 4. dxc5 Nc6 5. c3 Nh5 6. e3 Nxf4 7. exf4 e6 8. Bd3 Bxc5 9. 0-0 f6 10. Nbd2 Qc7 11. g3 0-0 12. Nb3 b6 13. c4 d4 14. Nfxd4 Nxd4 15. Nxd4 Bxd4 16. Be4 Bxb2 17. Rb1 Rb8 18. Rxb2 Qxc4 19. Qf3 f5 20. Bd3 Qd4 21. Rb3 Bb7 22. Qe2 Qd5 23. f3 Qc5+ 24. Qf2 Rbc8 25. Re1 Bd5 26. Rb2 Qa3 27. Bb1 Rc3 0-1

[Event "Ruhrgebiet Regionalliga 1516"]
[Site "Germany"]
[Date "2016.04.10"]
[Round "8.4"]
[White "Kemna, Guido"]
[Black "Haberhausen, Ansgar"]
[Result "1-0"]
[WhiteElo "2157"]
[BlackElo "2050"]
[PlyCount "77"]
[EventDate "2015.09.13"]
[EventType "team-tourn"]
[EventRounds "9"]
[EventCountry "GER"]
[SourceTitle "EXT 2022"]
[Source "ChessBase"]
[SourceDate "2021.10.06"]
[SourceVersion "1"]
[SourceVersionDate "2021.10.06"]
[SourceQuality "1"]
[WhiteTeam "Welper SV"]
[BlackTeam "Sodingen/Castrop SK II"]
[WhiteTeamCountry "GER"]
[BlackTeamCountry "GER"]

1. e4 c6 2. d4 d5 3. e5 Bf5 4. Nf3 e6 5. a3 c5 6. dxc5 Bxc5 7. b4 Bb6 8. Nbd2 Ne7 9. Bb2 0-0 10. Be2 Nd7 11. 0-0 Ng6 12. Re1 Qe7 13. c4 dxc4 14. Nxc4 Rfd8 15. Qb3 Be4 16. Nfd2 Bd5 17. Bf3 Qg5 18. Bxd5 exd5 19. Nxb6 Nxb6 20. Nf3 Qg4 21. h3 Qf5 22. Nd4 Qg5 23. e6 Re8 24. exf7+ Kxf7 25. Nf3 Qf4 26. Qc3 d4 27. Qb3+ Kf8 28. Nxd4 Qf7 29. Qg3 Nd5 30. Nb5 Ndf4 31. Kh2 Rxe1 32. Rxe1 Qc4 33. Nd6 Qc6 34. Nf5 Rd8 35. Bxg7+ Kf7 36. Bh6 Rd3 37. Qg4 Ne6 38. h4 Qc3 39. Qe2 1-0

[Event "Ruhrgebiet Regionalliga 1516"]
[Site "Germany"]
[Date "2016.03.13"]
[Round "7.4"]
[White "Haberhausen, Ansgar"]
[Black "Roitburd, Talic"]
[Result "1/2-1/2"]
[WhiteElo "2050"]
[BlackElo "2058"]
[PlyCount "48"]
[EventDate "2015.09.13"]
[EventType "team-tourn"]
[EventRounds "9"]
[EventCountry "GER"]
[SourceTitle "EXT 2022"]
[Source "ChessBase"]
[SourceDate "2021.10.06"]
[SourceVersion "1"]
[SourceVersionDate "2021.10.06"]
[SourceQuality "1"]
[WhiteTeam "Sodingen/Castrop SK II"]
[BlackTeam "Muelheim Nord III"]
[WhiteTeamCountry "GER"]
[BlackTeamCountry "GER"]

1. d4 Nf6 2. Nf3 g6 3. c4 Bg7 4. Nc3 d6 5. g3 0-0 6. Bg2 Nc6 7. 0-0 a6 8. d5 Na5 9. Qd3 c5 10. dxc6 Nxc6 11. a3 h6 12. Rb1 Be6 13. Nd5 Nd7 14. e4 Bg4 15. Be3 Nde5 16. Nxe5 Nxe5 17. Qb3 Be2 18. Rfe1 Bxc4 19. Qxb7 e6 20. Ne7+ Kh7 21. Nc6 Nxc6 22. Qxc6 Rc8 23. Qa4 Bd3 24. Rbc1 Bxb2 1/2-1/2

[Event "Ruhrgebiet Regionalliga 1516"]
[Site "Germany"]
[Date "2015.11.15"]
[Round "3.6"]
[White "Nowok, Frank"]
[Black "Haberhausen, Ansgar"]
[Result "0-1"]
[WhiteElo "1954"]
[BlackElo "2050"]
[PlyCount "100"]
[EventDate "2015.09.13"]
[EventType "team-tourn"]
[EventRounds "9"]
[EventCountry "GER"]
[SourceTitle "EXT 2022"]
[Source "ChessBase"]
[SourceDate "2021.10.06"]
[SourceVersion "1"]
[SourceVersionDate "2021.10.06"]
[SourceQuality "1"]
[WhiteTeam "Gladbeck SG"]
[BlackTeam "Sodingen/Castrop SK II"]
[WhiteTeamCountry "GER"]
[BlackTeamCountry "GER"]

1. c4 e6 2. g3 d5 3. Bg2 Nf6 4. Nf3 Be7 5. 0-0 0-0 6. d3 Nbd7 7. Bf4 b6 8. Nc3 Bb7 9. Qc2 c5 10. e4 Nh5 11. Bd2 d4 12. Ne2 e5 13. Ne1 Bg5 14. f4 exf4 15. Nxf4 Nxf4 16. Bxf4 Bxf4 17. Rxf4 Ne5 18. Bh3 Qd6 19. Qe2 Rae8 20. Bf5 Bc8 21. Ng2 Bxf5 22. Rxf5 g6 23. Rf4 Kg7 24. Raf1 f6 25. Qd2 Rf7 26. Nh4 a6 27. Nf3 b5 28. Nxe5 Qxe5 29. cxb5 axb5 30. b3 Ra8 31. Rc1 Rfa7 32. Rc2 Ra6 33. Rf1 R8a7 34. Rfc1 c4 35. bxc4 bxc4 36. Rxc4 Rxa2 37. R4c2 Rxc2 38. Rxc2 Ra3 39. Qb4 Rxd3 40. Qb7+ Kh6 41. Rc7 Rd1+ 42. Kg2 Rd2+ 43. Kg1 d3 44. Rxh7+ Kg5 45. Qd5 Re2 46. Kf1 Qxd5 47. exd5 Re5 48. h4+ Kf5 49. Rg7 d2 50. g4+ Kf4 0-1

[Event "Ruhrgebiet Verbandsliga Gruppe 1 1415"]
[Site "Germany"]
[Date "2015.02.08"]
[Round "6"]
[White "Haberhausen, Ansgar"]
[Black "Hassenrueck, Helmut"]
[Result "1-0"]
[WhiteElo "2044"]
[BlackElo "2117"]
[PlyCount "99"]
[EventDate "2014.09.21"]
[EventType "team-tourn"]
[EventRounds "9"]
[EventCountry "GER"]
[SourceTitle "EXT 2022"]
[Source "ChessBase"]
[SourceDate "2021.10.06"]
[SourceVersion "1"]
[SourceVersionDate "2021.10.06"]
[SourceQuality "1"]
[WhiteTeam "Herne Sodingen II"]
[BlackTeam "Gladbeck SG"]
[WhiteTeamCountry "GER"]
[BlackTeamCountry "GER"]

1. d4 Nf6 2. Nf3 d5 3. Bf4 c5 4. c3 Nc6 5. e3 Qb6 6. Qb3 c4 7. Qxb6 axb6 8. Nbd2 Bf5 9. Be2 b5 10. 0-0 h6 11. Ne5 e6 12. Nxc6 bxc6 13. a3 Be7 14. Be5 0-0 15. Bxf6 Bxf6 16. f4 Be7 17. Bf3 Bd3 18. Rfe1 g5 19. g3 gxf4 20. exf4 Ra7 21. Be2 Bf5 22. Kg2 Bd6 23. h3 f6 24. Bg4 Bxg4 25. hxg4 Re8 26. Nf3 Rg7 27. Kh3 Kf7 28. Re3 Reg8 29. Nh2 f5 30. gxf5 exf5 31. Nf1 c5 32. Rae1 Rg6 33. dxc5 Bxc5 34. Re5 Bf2 35. Rxf5+ Rf6 36. Rxf6+ Kxf6 37. Re2 Bb6 38. Ne3 Bxe3 39. Rxe3 Rd8 40. Re5 Rd6 41. Kg4 Rd8 42. Kf3 Rd7 43. g4 Rd8 44. Ke3 Rg8 45. Rxd5 Rxg4 46. Rxb5 Rg2 47. Kf3 Rd2 48. a4 h5 49. Rxh5 Rxb2 50. Rc5 1-0

[Event "Ruhrgebiet Verbandsliga Gruppe 1 1415"]
[Site "Germany"]
[Date "2014.10.19"]
[Round "2"]
[White "Haberhausen, Ansgar"]
[Black "Schulz, Hartmut"]
[Result "1/2-1/2"]
[WhiteElo "2044"]
[BlackElo "2055"]
[PlyCount "28"]
[EventDate "2014.09.21"]
[EventType "team-tourn"]
[EventRounds "9"]
[EventCountry "GER"]
[SourceTitle "EXT 2022"]
[Source "ChessBase"]
[SourceDate "2021.10.06"]
[SourceVersion "1"]
[SourceVersionDate "2021.10.06"]
[SourceQuality "1"]
[WhiteTeam "Herne Sodingen II"]
[BlackTeam "Brambauer"]
[WhiteTeamCountry "GER"]
[BlackTeamCountry "GER"]

1. d4 d5 2. Nf3 c6 3. e3 Bg4 4. c4 e6 5. Nbd2 Nf6 6. cxd5 exd5 7. Bd3 Bd6 8. 0-0 0-0 9. b3 Re8 10. Qc2 Bh5 11. Bb2 Bxf3 12. Nxf3 Nbd7 13. Rac1 Qe7 14. g3 Ba3 1/2-1/2

[Event "Ruhrgebiet Regionalliga 1314"]
[Site "Ruhrgebiet"]
[Date "2014.02.09"]
[Round "6.4"]
[White "Schorra, Helmut"]
[Black "Haberhausen, Ansgar"]
[Result "1-0"]
[WhiteElo "2076"]
[BlackElo "2061"]
[PlyCount "59"]
[EventDate "2013.09.22"]
[EventType "team-tourn"]
[EventRounds "9"]
[EventCountry "GER"]
[SourceTitle "EXT 2024"]
[Source "ChessBase"]
[SourceDate "2023.10.10"]
[SourceVersion "1"]
[SourceVersionDate "2023.10.10"]
[SourceQuality "1"]
[WhiteTeam "Buer"]
[BlackTeam "Herne Sodingen II"]
[WhiteTeamCountry "GER"]
[BlackTeamCountry "GER"]

1. e4 c6 2. d4 d5 3. Nd2 dxe4 4. Nxe4 Nd7 5. Ng5 Ngf6 6. Bd3 g6 7. N1f3 Bg7 8. 0-0 0-0 9. Re1 e6 10. Bf4 Qb6 11. Bd6 Re8 12. Ba3 h6 13. Nxf7 Kxf7 14. Ne5+ Nxe5 15. dxe5 Bf8 16. exf6 Bxa3 17. bxa3 Qc5 18. Qg4 Qg5 19. Qe4 Qxf6 20. Rab1 e5 21. Re3 Re7 22. Rf3 Bf5 23. Qb4 Rae8 24. g4 e4 25. Bxe4 Rxe4 26. Qxb7+ R8e7 27. Qb3+ Kg7 28. gxf5 gxf5 29. Rg3+ Kh7 30. Qg8# 1-0

[Event "Ruhrgebiet Regionalliga 1213"]
[Site "Nordrheinwestfalen"]
[Date "2013.01.27"]
[Round "5.3"]
[White "Haberhausen, Ansgar"]
[Black "Ahling, Michael"]
[Result "1-0"]
[WhiteElo "2033"]
[BlackElo "2114"]
[PlyCount "53"]
[EventDate "2012.09.09"]
[EventType "team-tourn"]
[EventRounds "9"]
[EventCountry "GER"]
[SourceTitle "EXT 2020"]
[Source "ChessBase"]
[SourceDate "2019.10.17"]
[SourceVersion "1"]
[SourceVersionDate "2019.10.17"]
[SourceQuality "1"]
[WhiteTeam "Herne Sodingen II"]
[BlackTeam "Horst Emscher"]
[WhiteTeamCountry "GER"]
[BlackTeamCountry "GER"]

1. d4 d5 2. Nf3 Nf6 3. c4 c6 4. cxd5 cxd5 5. Nc3 Nc6 6. e3 a6 7. Bd3 Bg4 8. Bd2 Bxf3 9. Qxf3 e6 10. Rc1 Be7 11. 0-0 0-0 12. Qh3 g6 13. f4 Kg7 14. g4 h5 15. g5 Nd7 16. Rf3 Nb6 17. Ne2 Nb4 18. Bxb4 Bxb4 19. Ng3 Rc8 20. Rcf1 Nc4 21. Nxh5+ gxh5 22. f5 Rh8 23. fxe6 Nd6 24. Rxf7+ Nxf7 25. Rxf7+ Kg8 26. Qf5 Rc1+ 27. Kg2 1-0

[Event "Ruhrgebiet Regionalliga 1213"]
[Site "Nordrheinwestfalen"]
[Date "2012.10.14"]
[Round "2.2"]
[White "Haberhausen, Ansgar"]
[Black "Frombach, Ralf"]
[Result "1-0"]
[WhiteElo "2033"]
[BlackElo "2143"]
[PlyCount "79"]
[EventDate "2012.09.09"]
[EventType "team-tourn"]
[EventRounds "9"]
[EventCountry "GER"]
[SourceTitle "EXT 2020"]
[Source "ChessBase"]
[SourceDate "2019.10.17"]
[SourceVersion "1"]
[SourceVersionDate "2019.10.17"]
[SourceQuality "1"]
[WhiteTeam "Herne Sodingen II"]
[BlackTeam "Koenigsspringer Hamm"]
[WhiteTeamCountry "GER"]
[BlackTeamCountry "GER"]

1. d4 d6 2. Nf3 Nf6 3. e3 g6 4. b3 Bg7 5. Bb2 0-0 6. c4 c6 7. Nbd2 b5 8. Be2 bxc4 9. Nxc4 Nbd7 10. 0-0 a5 11. Rc1 Bb7 12. Ba3 Nd5 13. Qd2 c5 14. dxc5 Nxc5 15. Bxc5 dxc5 16. Rfd1 Nc3 17. Qxc3 Bxc3 18. Rxd8 Rfxd8 19. Rxc3 a4 20. bxa4 Rxa4 21. a3 Ba6 22. Nfd2 Rxd2 23. Nxd2 Bxe2 24. f3 f5 25. e4 f4 26. Kf2 Ba6 27. g3 fxg3+ 28. hxg3 Kf7 29. Ke3 g5 30. g4 Kg6 31. Kf2 Kf6 32. e5+ Kxe5 33. Rxc5+ Ke6 34. Ne4 Bb7 35. Nxg5+ Kf6 36. Nxh7+ Kg6 37. Nf8+ Kf7 38. Rf5+ Ke8 39. Ne6 Rxa3 40. Kg3 1-0

[Event "Ruhrgebiet Verbandsliga1 1112"]
[Site "Nordrheinwestfalen"]
[Date "2011.12.11"]
[Round "4.3"]
[White "Tobczewski, Peter"]
[Black "Haberhausen, Ansgar"]
[Result "1/2-1/2"]
[WhiteElo "1911"]
[BlackElo "2057"]
[PlyCount "119"]
[EventDate "2012.09.18"]
[EventType "team-tourn"]
[EventRounds "9"]
[EventCountry "GER"]
[SourceTitle "EXT 2020"]
[Source "ChessBase"]
[SourceDate "2019.10.17"]
[SourceVersion "1"]
[SourceVersionDate "2019.10.17"]
[SourceQuality "1"]
[WhiteTeam "Horst Emscher II"]
[BlackTeam "Herne Sodingen II"]
[WhiteTeamCountry "GER"]
[BlackTeamCountry "GER"]

1. e4 c6 2. d4 d5 3. exd5 cxd5 4. c4 Nf6 5. Nc3 Nc6 6. Nf3 e6 7. c5 Be7 8. Bb5 0-0 9. 0-0 Bd7 10. Bxc6 bxc6 11. Ne5 Qc7 12. b4 a5 13. Bf4 Qa7 14. a3 Rfd8 15. Na4 Qa6 16. Qd3 Be8 17. Qxa6 Rxa6 18. Nb6 Nh5 19. Bd2 f6 20. Nd3 Bg6 21. Nb2 e5 22. Rfe1 Kf7 23. bxa5 Nf4 24. dxe5 fxe5 25. Rxe5 Nd3 26. Nxd3 Bxd3 27. Re3 Bf5 28. Rf3 Kg6 29. Rg3+ Kf7 30. Rf3 Kg6 31. Rc1 Bf6 32. h3 Be4 33. Rb3 Bd4 34. Na4 Rf8 35. Be1 Rf6 36. Nc3 Bf5 37. Ne2 Be5 38. Rb6 Ra7 39. a6 Bd3 40. Bc3 Bxc3 41. Nxc3 Bxa6 42. a4 Bc4 43. Re1 Kf5 44. Re3 d4 45. Re4 dxc3 46. Rxc4 Ke5 47. Rbb4 Kd5 48. Rxc3 Ra5 49. Rh4 g5 50. Rxh7 Kd4 51. Rg3 Rxc5 52. Rg4+ Kc3 53. Rh5 Rff5 54. h4 gxh4 55. Rxf5 Rxf5 56. Rxh4 c5 57. a5 c4 58. a6 Ra5 59. Rh6 Kd2 60. Rd6+ 1/2-1/2

[Event "Ruhrgebiet Verbandsliga1 1112"]
[Site "Nordrheinwestfalen"]
[Date "2011.11.13"]
[Round "3.3"]
[White "Haberhausen, Ansgar"]
[Black "Prueske, Wolfgang"]
[Result "0-1"]
[WhiteElo "2054"]
[BlackElo "2013"]
[PlyCount "70"]
[EventDate "2012.09.18"]
[EventType "team-tourn"]
[EventRounds "9"]
[EventCountry "GER"]
[SourceTitle "EXT 2020"]
[Source "ChessBase"]
[SourceDate "2019.10.17"]
[SourceVersion "1"]
[SourceVersionDate "2019.10.17"]
[SourceQuality "1"]
[WhiteTeam "Herne Sodingen II"]
[BlackTeam "Dortmund Hansa III"]
[WhiteTeamCountry "GER"]
[BlackTeamCountry "GER"]

1. Nf3 d5 2. d4 Nc6 3. Bf4 Bf5 4. e3 Nb4 5. Na3 e6 6. c3 Nc6 7. Qb3 Rb8 8. Be2 Bd6 9. Bxd6 cxd6 10. 0-0 Nf6 11. c4 dxc4 12. Nxc4 0-0 13. h3 b5 14. Ncd2 Qb6 15. Rac1 Rfc8 16. Nh4 Be4 17. Nxe4 Nxe4 18. Nf3 d5 19. Rc2 Nd6 20. Rfc1 Nc4 21. Bxc4 bxc4 22. Qxb6 axb6 23. a3 b5 24. Ne5 Nxe5 25. dxe5 f6 26. exf6 gxf6 27. Kf1 Kf7 28. Rd1 b4 29. axb4 Rxb4 30. Ra1 Rcb8 31. Ra7+ Kg6 32. Ra6 Rxb2 33. Rxb2 Rxb2 34. Rxe6 c3 35. Ke1 Rb1+ 0-1